书目信息 |
| 题名: |
建设工程招标投标与合同管理
|
|
| 作者: | 谭丽丽 主编 | |
| 分册: | ||
| 出版信息: | 北京 中国建筑工业出版社 2021.01 |
|
| 页数: | 140页 | |
| 开本: | 26cm | |
| 丛书名: | 中等职业教育“十四五”系列教材 | |
| 单 册: | ||
| 中图分类: | TU723 | |
| 科图分类: | ||
| 主题词: | 建筑工程--jian zhu gong cheng--招标--中等专业教育--教材 , 建筑工程--jian zhu gong cheng--投标--中等专业教育--教材 , 建筑工程--jian zhu gong cheng--合同--管理--中等专业教育--教材 | |
| 电子资源: | ||
| ISBN: | 978-7-112-25502-3 | |
| 000 | 01744nam 2200301 450 | |
| 001 | 29581 | |
| 005 | 20221105182500.85 | |
| 010 | @a978-7-112-25502-3@dCNY39.00 (含手册) | |
| 100 | @a20210428d2021 em y0chiy50 ea | |
| 101 | 0 | @achi |
| 102 | @aCN@b110000 | |
| 105 | @aa a 000yy | |
| 200 | 1 | @a建设工程招标投标与合同管理@Ajian she gong cheng zhao biao tou biao yu he tong guan li@f谭丽丽主编 |
| 210 | @a北京@c中国建筑工业出版社@d2021.01 | |
| 215 | @a140页@c图@d26cm@e手册1册 (73页 ; 23cm) | |
| 225 | 2 | @a中等职业教育“十四五”系列教材@Azhong deng zhi ye jiao yu “ shi si wu ”xi lie jiao cai |
| 225 | 2 | @a中等职业教育土木水利类专业“互联网+”数字化创新教材@Azhong deng zhi ye jiao yu tu mu shui li lei zhuan ye “ hu lian wang +”shu zi hua chuang xin jiao cai |
| 320 | @a有书目 (第140页) | |
| 330 | @a本书主要内容包括建设工程招投标和合同管理两大部分。招投标部分包括了8个项目, 阐述了建设工程招投标的基础知识, 并根据招投标流程以及工作岗位技能要求, 设置了发布招标公告、发售招标文件、组织现场踏勘、组织召开投标预备会、接受投标文件、开标、评标、编制投标文件等相关工作任务 ; 合同管理部分包括了4个项目, 阐述了合同法律基础知识, 对建设工程合同示范文本进行介绍, 论述建设工程合同管理的基本理论和方法, 包括合同签约、合同履行、索赔管理以及纠纷解决等相关内容。 | |
| 410 | 0 | @12001 @a中等职业教育“十四五”系列教材 |
| 410 | 0 | @12001 @a中等职业教育土木水利类专业“互联网+”数字化创新教材 |
| 606 | 0 | @a建筑工程@Ajian zhu gong cheng@x招标@x中等专业教育@j教材 |
| 606 | 0 | @a建筑工程@Ajian zhu gong cheng@x投标@x中等专业教育@j教材 |
| 606 | 0 | @a建筑工程@Ajian zhu gong cheng@x合同@x管理@x中等专业教育@j教材 |
| 690 | @aTU723@v5 | |
| 701 | 0 | @a谭丽丽@Atan li li@4主编 |
| 801 | 0 | @aCN@c20220910 |
| 905 | @a河南城建学院图书馆@dTU723@eT110@f2 | |
| 建设工程招标投标与合同管理/谭丽丽主编.-北京:中国建筑工业出版社,2021.01 |
| 140页:图;26cm+手册1册 (73页 ; 23cm).-(中等职业教育“十四五”系列教材).-(中等职业教育土木水利类专业“互联网+”数字化创新教材) |
| ISBN 978-7-112-25502-3:CNY39.00 (含手册) |
| 本书主要内容包括建设工程招投标和合同管理两大部分。招投标部分包括了8个项目, 阐述了建设工程招投标的基础知识, 并根据招投标流程以及工作岗位技能要求, 设置了发布招标公告、发售招标文件、组织现场踏勘、组织召开投标预备会、接受投标文件、开标、评标、编制投标文件等相关工作任务 ; 合同管理部分包括了4个项目, 阐述了合同法律基础知识, 对建设工程合同示范文本进行介绍, 论述建设工程合同管理的基本理论和方法, 包括合同签约、合同履行、索赔管理以及纠纷解决等相关内容。 |
| ● |
| 相关链接 |
|
|
|
正题名:建设工程招标投标与合同管理
索取号:TU723/T110
 
预约/预借
| 序号 | 登录号 | 条形码 | 馆藏地/架位号 | 状态 | 备注 |
| 1 | 1583349 | 215833490 | 建筑库201/201建筑库 30排2列5层/ [索取号:TU723/T110] | 在馆 | |
| 2 | 1583350 | 215833506 | 建筑库201/201建筑库 30排2列5层/ [索取号:TU723/T110] | 在馆 |